[Event "2014 Australian Championships"]
[Site "Melbourne"]
[Date "2014.01.02"]
[Round "1.1"]
[White "Papin, Vasily"]
[Black "Stojic, Dusan"]
[Result "1-0"]
[WhiteElo "2510"]
[BlackElo "2233"]
[PlyCount "49"]
[EventDate "2014.01.??"]
[EventType "swiss"]
[EventRounds "11"]
[EventCountry "AUS"]
[SourceDate "2014.01.02"]

1. c4 c5 2. g3 Nc6 3. Bg2 g6 4. Nc3 Bg7 5. Nf3 d6 6. O-O Nh6 7. d4 cxd4 8. Bxh6
Bxh6 9. Nxd4 Nxd4 10. Qxd4 O-O 11. Rfd1 Qa5 12. Nd5 Re8 13. Qh4 Bf8 14. b4 Qd8
15. c5 Bg7 16. Rac1 dxc5 17. bxc5 Bd7 18. Nb4 e6 19. Bxb7 Rb8 20. Qe4 f5 21.
Qf3 Qe7 22. Na6 Bc8 23. Nxb8 Bxb7 24. c6 Rxb8 25. Rb1 1-0

[Event "2014 Australian Championships"]
[Site "Melbourne"]
[Date "2014.01.02"]
[Round "1.2"]
[White "Nakauchi, Gene"]
[Black "Illingworth, Max"]
[Result "0-1"]
[WhiteElo "2210"]
[BlackElo "2434"]
[PlyCount "162"]
[EventDate "2014.01.??"]
[EventType "swiss"]
[EventRounds "11"]
[EventCountry "AUS"]
[SourceDate "2014.01.02"]
[WhiteClock "0:01:15"]
[BlackClock "1:02:41"]

1. d4 d5 2. c4 dxc4 3. e3 Nf6 4. Bxc4 e6 5. Nf3 c5 6. Nc3 a6 7. O-O b5 8. Bd3
Bb7 9. Ne5 Nc6 10. Nxb5 axb5 11. Bxb5 Qc7 12. Qf3 Rc8 13. e4 Be7 14. Bf4 Qb6
15. Bxc6+ Bxc6 16. Nxc6 Qxc6 17. dxc5 Qxe4 18. Qxe4 Nxe4 19. b4 Bf6 20. Rac1 g5
21. Be3 Ke7 22. Rc4 Nc3 23. c6 Kd6 24. b5 Nxb5 25. Rd1+ Ke7 26. Rb4 Rhd8 27.
Rd7+ Rxd7 28. cxd7 Kxd7 29. Rxb5 g4 30. g3 Ra8 31. Rb7+ Ke8 32. Ba7 h5 33. a4
Bd8 34. Kf1 Rc8 35. Bb6 Bxb6 36. Rxb6 Rc2 37. a5 Ra2 38. a6 Kf8 39. Ke1 Kg7 40.
Kd1 Rxf2 41. Kc1 Rxh2 42. Kb1 h4 43. Rb4 hxg3 44. Rxg4+ Kf6 45. Rxg3 Rh8 46. a7
Ra8 47. Ra3 Ke5 48. Kc2 Kd4 49. Ra4+ Kc5 50. Kd3 Kb6 51. Rb4+ Kxa7 52. Ke4 Rd8
53. Ke5 Rd5+ 54. Kf6 Rf5+ 55. Ke7 Ka6 56. Kd6 Ka5 57. Rb7 Ka4 58. Rb8 Ka3 59.
Rb7 Ka2 60. Rb8 e5 61. Kd5 f6 62. Rb7 Rf4 63. Rb8 e4 64. Kd4 f5 65. Kc3 Rf2 66.
Kd4 Rf3 67. Rb7 e3 68. Kd3 f4 69. Ke2 Rf2+ 70. Ke1 Rb2 71. Rf7 Rb4 72. Ke2 Kb2
73. Kf3 Kc3 74. Re7 Kd3 75. Rd7+ Kc3 76. Re7 Kd2 77. Rd7+ Ke1 78. Re7 Rb3 79.
Kxf4 e2 80. Kg4 Kd2 81. Rd7+ Rd3 0-1

[Event "2014 Australian Championships"]
[Site "Melbourne"]
[Date "2014.01.02"]
[Round "1.3"]
[White "Cheng, Bobby"]
[Black "Choong, Yita"]
[Result "1-0"]
[WhiteElo "2433"]
[BlackElo "2203"]
[PlyCount "85"]
[EventDate "2014.01.??"]
[EventType "swiss"]
[EventRounds "11"]
[EventCountry "AUS"]
[SourceDate "2014.01.02"]
[WhiteClock "0:15:21"]
[BlackClock "0:28:13"]

1. d4 d5 2. c4 c6 3. Nf3 Nf6 4. Nc3 dxc4 5. a4 Bf5 6. Ne5 Nbd7 7. Nxc4 Nb6 8.
Ne5 a5 9. f3 Nfd7 10. e4 Nxe5 11. exf5 Ned7 12. d5 Nf6 13. Qb3 Qc7 14. Bf4 Qxf4
15. Qxb6 Qb4 16. Bb5 cxb5 17. Qxb7 Rd8 18. Qc6+ Rd7 19. O-O Nxd5 20. Nxb5 e6
21. Rac1 Be7 22. fxe6 fxe6 23. Qxe6 Rd8 24. Rfd1 Qf4 25. Qc6+ Kf8 26. Rc4 Qe3+
27. Kh1 h5 28. Rcd4 Rh6 29. Qc4 Re6 30. h3 Re5 31. Nc3 Qf2 32. Nxd5 Re1+ 33.
Rxe1 Qxe1+ 34. Kh2 Bd6+ 35. f4 h4 36. Qd3 Qe6 37. Qh7 Rb8 38. Qxh4 Rxb2 39. Ne3
Bc7 40. Nd5 Bd6 41. Qd8+ Kf7 42. Qxa5 Qe2 43. Ne3 1-0

[Event "2014 Australian Championships"]
[Site "Melbourne"]
[Date "2014.01.02"]
[Round "1.4"]
[White "Dragicevic, Domajoi"]
[Black "Tu, Hoang Thong"]
[Result "1/2-1/2"]
[WhiteElo "2199"]
[BlackElo "2428"]
[PlyCount "65"]
[EventDate "2014.01.??"]
[EventType "swiss"]
[EventRounds "11"]
[EventCountry "AUS"]
[SourceDate "2014.01.02"]

1. e4 e5 2. Nf3 Nc6 3. Bb5 Nge7 4. Nc3 Ng6 5. d4 exd4 6. Nxd4 Bc5 7. Nf5 O-O 8.
O-O d6 9. Na4 Bb6 10. Nxb6 axb6 11. Qf3 Nh4 12. Nxh4 Qxh4 13. Bxc6 bxc6 14. Qf4
Qxf4 15. Bxf4 f5 16. e5 Ra4 17. g3 d5 18. e6 Ra7 19. Rfe1 Re8 20. e7 Kf7 21. a4
Rxe7 22. Rxe7+ Kxe7 23. b4 g6 24. Bd2 Be6 25. a5 Kd7 26. Kg2 bxa5 27. Be3 Ra8
28. bxa5 Kd6 29. Bf4+ Kd7 30. Be3 Kd6 31. Bf4+ Kd7 32. Be3 Kd6 33. Bf4+ 1/2-1/2

[Event "2014 Australian Championships"]
[Site "Melbourne"]
[Date "2014.01.02"]
[Round "1.5"]
[White "Ly, Moulthun"]
[Black "Schon, Eugene"]
[Result "1-0"]
[WhiteElo "2416"]
[BlackElo "2195"]
[PlyCount "103"]
[EventDate "2014.01.??"]
[EventType "swiss"]
[EventRounds "11"]
[EventCountry "AUS"]
[SourceDate "2014.01.02"]
[WhiteClock "0:12:28"]
[BlackClock "0:18:24"]

1. e4 e6 2. d4 d5 3. e5 c5 4. c3 Nc6 5. Nf3 Bd7 6. a3 f6 7. Bd3 Qc7 8. Bf4 c4
9. Bc2 O-O-O 10. Bg3 f5 11. Nbd2 Na5 12. h4 h6 13. h5 Be8 14. Ng1 Be7 15. Ne2
Bg5 16. Bf4 Ne7 17. Nf3 Bxf4 18. Nxf4 Bd7 19. Nh4 Qb6 20. Rb1 Rhf8 21. Rh3 Rf7
22. Rg3 Re8 23. Nhg6 Nxg6 24. Rxg6 Qd8 25. Qf3 Qe7 26. Kf1 Kb8 27. Kg1 Ka8 28.
Re1 Bc8 29. Ba4 Bd7 30. Qd1 Qd8 31. Re3 Ree7 32. b4 cxb3 33. Bxb3 Bc8 34. Ba2
Qe8 35. Qb1 Rc7 36. Qb4 Nc4 37. Bxc4 Rxc4 38. Qb2 Qe7 39. Reg3 Ra4 40. Nd3 b6
41. Nb4 Bd7 42. Qb3 Kb8 43. c4 f4 44. Rc3 dxc4 45. Qxc4 Qe8 46. d5 exd5 47.
Qc7+ Ka8 48. Qd6 Rf5 49. e6 Bb5 50. Nxd5 Qb8 51. Nc7+ Kb7 52. Nxb5 1-0

[Event "2014 Australian Championships"]
[Site "Melbourne"]
[Date "2014.01.02"]
[Round "1.6"]
[White "Matheson, Laurence"]
[Black "Johansen, Darryl"]
[Result "1/2-1/2"]
[WhiteElo "2161"]
[BlackElo "2406"]
[PlyCount "60"]
[EventDate "2014.01.??"]
[EventType "swiss"]
[EventRounds "11"]
[EventCountry "AUS"]
[SourceDate "2014.01.02"]
[WhiteClock "0:29:54"]
[BlackClock "0:19:24"]

1. e4 c5 2. Nf3 e6 3. d3 Nc6 4. g3 d5 5. Qe2 Nge7 6. Bg2 g6 7. O-O Bg7 8. e5 h6
9. h4 Qc7 10. Re1 Nd4 11. Nxd4 cxd4 12. Bf4 Bd7 13. c3 Qb6 14. cxd4 Qxd4 15.
Nc3 O-O 16. Qd2 Kh7 17. Ne2 Qa4 18. b3 Qa3 19. Nd4 Rac8 20. Rac1 Rc5 21. Rxc5
Qxc5 22. Be3 Qc7 23. f4 Rc8 24. Rc1 Qxc1+ 25. Qxc1 Rxc1+ 26. Bxc1 g5 27. hxg5
hxg5 28. Be3 b6 29. Kf2 Nc6 30. Nxc6 Bxc6 1/2-1/2

[Event "2014 Australian Championships"]
[Site "Melbourne"]
[Date "2014.01.02"]
[Round "1.7"]
[White "Morris, James"]
[Black "Zulfic, Fedja"]
[Result "1-0"]
[WhiteElo "2405"]
[BlackElo "2152"]
[PlyCount "57"]
[EventDate "2014.01.??"]
[EventType "swiss"]
[EventRounds "11"]
[EventCountry "AUS"]
[SourceDate "2014.01.02"]
[WhiteClock "1:31:10"]
[BlackClock "1:31:43"]

1. c4 Nf6 2. Nc3 d5 3. cxd5 Nxd5 4. g3 g6 5. Bg2 Nb6 6. Nf3 Bg7 7. d3 Nc6 8. h4
h5 9. Bg5 Be6 10. Qd2 Qd6 11. O-O Rd8 12. Rac1 Qb4 13. b3 a5 14. Ne4 Nd5 15.
Qc2 Qa3 16. Nc5 Bc8 17. d4 Ncb4 18. Qc4 b6 19. e4 bxc5 20. exd5 Rxd5 21. Qb5+
c6 22. Qb8 O-O 23. Bxe7 Ba6 24. Bxf8 Bxf8 25. Rce1 Kg7 26. Re8 Bd6 27. Qd8 Be5
28. Rg8+ Kh7 29. Ng5+ 1-0

[Event "2014 Australian Championships"]
[Site "Melbourne"]
[Date "2014.01.02"]
[Round "1.8"]
[White "Charles, Gareth"]
[Black "Lane, Gary"]
[Result "0-1"]
[WhiteElo "2150"]
[BlackElo "2375"]
[PlyCount "59"]
[EventDate "2014.01.??"]
[EventType "swiss"]
[EventRounds "11"]
[EventCountry "AUS"]
[SourceDate "2014.01.02"]

1. c4 e5 2. g3 Nc6 3. Bg2 g6 4. Nc3 Bg7 5. e4 d6 6. Nge2 f5 7. d3 Nf6 8. O-O
O-O 9. Rb1 Be6 10. Nd5 Qd7 11. b4 Nd8 12. Bb2 c6 13. exf5 Bxf5 14. Ne3 Ng4 15.
Nxf5 Qxf5 16. h3 Nxf2 17. Qe1 Nxh3+ 18. Kh2 Nf2 19. Kg1 Qxd3 20. Rxf2 Rxf2 21.
Kxf2 Qxc4 22. Qd2 Nf7 23. Bc3 Rf8 24. Kg1 Bh6 25. Qb2 Qg4 26. Rf1 Be3+ 27. Kh2
Qh5+ 28. Bh3 Ng5 29. Rxf8+ Kxf8 30. Nf4 0-1

[Event "2014 Australian Championships"]
[Site "Melbourne"]
[Date "2014.01.02"]
[Round "1.9"]
[White "Goldenberg, Igor"]
[Black "Levi, Eddy"]
[Result "0-1"]
[WhiteElo "2373"]
[BlackElo "2134"]
[PlyCount "50"]
[EventDate "2014.01.??"]
[EventType "swiss"]
[EventRounds "11"]
[EventCountry "AUS"]
[SourceDate "2014.01.02"]

1. Nf3 f5 2. g3 Nf6 3. Bg2 d6 4. d4 e6 5. O-O Be7 6. c4 O-O 7. Nc3 Qe8 8. Qc2
Qh5 9. e4 e5 10. dxe5 dxe5 11. exf5 Bxf5 12. Qb3 Nbd7 13. Qxb7 Bh3 14. Bxh3
Qxh3 15. Ng5 Qh5 16. Qf3 Ng4 17. Qd5+ Kh8 18. h3 Nxf2 19. Qxd7 Bc5 20. Kg2 h6
21. Nce4 hxg5 22. Nxc5 Qf3+ 23. Kh2 Rad8 24. Qxd8 Ng4+ 25. hxg4 Qe2+ 0-1

[Event "2014 Australian Championships"]
[Site "Melbourne"]
[Date "2014.01.02"]
[Round "1.10"]
[White "Castor, David"]
[Black "Wohl, Aleksandar"]
[Result "1-0"]
[WhiteElo "2125"]
[BlackElo "2371"]
[PlyCount "67"]
[EventDate "2014.01.??"]
[EventType "swiss"]
[EventRounds "11"]
[EventCountry "AUS"]
[SourceDate "2014.01.02"]

1. c4 b6 2. d4 Bb7 3. Nc3 e6 4. e4 Bb4 5. f3 Ne7 6. Nge2 f5 7. a3 Bxc3+ 8. Nxc3
fxe4 9. fxe4 O-O 10. Bg5 h6 11. Bh4 Qe8 12. Be2 Nbc6 13. Bh5 g6 14. Bf3 Qf7 15.
O-O Qg7 16. Bf2 g5 17. e5 Kh8 18. h3 Nf5 19. Qd3 d6 20. Bxc6 Bxc6 21. d5 Bb7
22. exd6 cxd6 23. dxe6 g4 24. Nd5 Rae8 25. Be1 Qg5 26. Bd2 Qg6 27. Bc3+ Kg8 28.
Rf4 gxh3 29. Qxh3 Qxe6 30. Raf1 Bc6 31. Nc7 Qe3+ 32. Qxe3 Nxe3 33. Nxe8 Nxf1
34. Nf6+ 1-0

[Event "2014 Australian Championships"]
[Site "Melbourne"]
[Date "2014.01.02"]
[Round "1.11"]
[White "Solomon, Stephen"]
[Black "Pyke, Malcolm"]
[Result "1-0"]
[WhiteElo "2371"]
[BlackElo "2123"]
[PlyCount "73"]
[EventDate "2014.01.??"]
[EventType "swiss"]
[EventRounds "11"]
[EventCountry "AUS"]
[SourceDate "2014.01.02"]

1. d4 Nf6 2. c4 e6 3. Nc3 c5 4. d5 exd5 5. cxd5 d6 6. Nf3 g6 7. h3 a6 8. a4 Qe7
9. Bf4 Nbd7 10. e3 Bg7 11. Be2 O-O 12. O-O Ne8 13. Nd2 Ne5 14. Bh2 g5 15. f4
Ng6 16. f5 Qxe3+ 17. Kh1 Nf4 18. Nc4 Qd4 19. Qc2 Bh6 20. Rad1 Qg7 21. Bg4 Nf6
22. Nxd6 Rd8 23. Nde4 Nxg4 24. hxg4 c4 25. Bg1 Nd3 26. Rxd3 cxd3 27. Qxd3 Qe5
28. Bd4 Qc7 29. Nf6+ Kf8 30. Qh3 Bg7 31. Qxh7 Bxf5 32. Rxf5 Qc4 33. Qg8+ Ke7
34. Re5+ Kd6 35. Nce4+ Kc7 36. Re7+ Rd7 37. Rxd7# 1-0

[Event "2014 Australian Championships"]
[Site "Melbourne"]
[Date "2014.01.02"]
[Round "1.12"]
[White "Hu, Jason"]
[Black "Sukandar, Irene"]
[Result "0-1"]
[WhiteElo "2118"]
[BlackElo "2369"]
[PlyCount "77"]
[EventDate "2014.01.??"]
[EventType "swiss"]
[EventRounds "11"]
[EventCountry "AUS"]
[SourceDate "2014.01.02"]

1. d4 Nf6 2. Nf3 e6 3. Bf4 b6 4. e3 Bb7 5. Bd3 Be7 6. O-O d6 7. Nbd2 Nh5 8. Bg3
Nd7 9. e4 Nxg3 10. hxg3 e5 11. c3 Bf6 12. a4 a5 13. d5 O-O 14. b4 c6 15. dxc6
Bxc6 16. Nc4 Qc7 17. Ne3 Bb7 18. Qb3 Rfc8 19. Rfc1 Be7 20. Bc4 Bxe4 21. Bxf7+
Kh8 22. Nd2 Bb7 23. Nf5 Bg5 24. Rd1 Nf6 25. Nf3 Bxf3 26. gxf3 Rf8 27. Be6 Rad8
28. bxa5 bxa5 29. Kg2 d5 30. Rab1 g6 31. Ne3 Bxe3 32. fxe3 Qc5 33. c4 e4 34. f4
dxc4 35. Bxc4 Qh5 36. Rxd8 Qf3+ 37. Kh3 Rxd8 38. Qc3 Kg7 39. Bf1 0-1

[Event "2014 Australian Championships"]
[Site "Melbourne"]
[Date "2014.01.02"]
[Round "1.13"]
[White "Wallis, Christopher"]
[Black "Nemeth, John"]
[Result "1-0"]
[WhiteElo "2346"]
[BlackElo "2115"]
[PlyCount "59"]
[EventDate "2014.01.??"]
[EventType "swiss"]
[EventRounds "11"]
[EventCountry "AUS"]
[SourceDate "2014.01.02"]

1. d4 Nf6 2. c4 c5 3. d5 b5 4. cxb5 a6 5. f3 g6 6. e4 d6 7. Na3 Bg7 8. Ne2 axb5
9. Nxb5 O-O 10. Nec3 Na6 11. Be2 Nc7 12. O-O Ba6 13. a4 Nfe8 14. Qc2 f5 15. Bg5
Nxb5 16. axb5 Bb7 17. Rxa8 Bxa8 18. Ra1 Bd4+ 19. Kh1 fxe4 20. Qxe4 Nf6 21. Qe6+
Rf7 22. Ne4 Bb7 23. Bh6 Nxe4 24. fxe4 Bxb2 25. Rf1 Bf6 26. Bg4 c4 27. Qd7 Qa8
28. Be6 c3 29. Bxf7+ Kxf7 30. Rxf6+ 1-0

[Event "2014 Australian Championships"]
[Site "Melbourne"]
[Date "2014.01.02"]
[Round "1.14"]
[White "Michaille, Laurent"]
[Black "Canfell, Greg"]
[Result "1/2-1/2"]
[WhiteElo "2115"]
[BlackElo "2343"]
[PlyCount "83"]
[EventDate "2014.01.??"]
[EventType "swiss"]
[EventRounds "11"]
[EventCountry "AUS"]
[SourceDate "2014.01.02"]

1. e4 c5 2. Nf3 e6 3. d4 cxd4 4. Nxd4 Nf6 5. Bd3 Nc6 6. Nxc6 bxc6 7. O-O d5 8.
Nd2 e5 9. Re1 Bd6 10. c4 O-O 11. cxd5 cxd5 12. exd5 Nxd5 13. Nc4 Bb7 14. Be4
Bc7 15. Qb3 Rb8 16. Qh3 Nf6 17. Bxb7 Rxb7 18. Bg5 h6 19. Rad1 Qe7 20. Qf3 Rb4
21. Bxf6 Qxf6 22. Qxf6 gxf6 23. b3 a5 24. Ne3 Bd8 25. Rd7 Kg7 26. Red1 Bb6 27.
Nf5+ Kh7 28. g3 a4 29. R1d3 e4 30. Rc3 Rd8 31. Rxd8 Bxd8 32. Kg2 Kg6 33. g4 h5
34. h3 hxg4 35. hxg4 axb3 36. axb3 Bb6 37. Ne7+ Kg5 38. Nd5 Rb5 39. Nxb6 Rxb6
40. Kg3 f5 41. gxf5 Kxf5 42. f3 1/2-1/2

[Event "2014 Australian Championships"]
[Site "Melbourne"]
[Date "2014.01.02"]
[Round "1.15"]
[White "Bjelobrk, Igor"]
[Black "Puccini, Jack"]
[Result "1-0"]
[WhiteElo "2339"]
[BlackElo "2078"]
[PlyCount "69"]
[EventDate "2014.01.??"]
[EventType "swiss"]
[EventRounds "11"]
[EventCountry "AUS"]
[SourceDate "2014.01.02"]

1. Nf3 Nf6 2. c4 g6 3. Nc3 Bg7 4. e4 d6 5. d4 O-O 6. h3 e5 7. d5 a5 8. Be2 Na6
9. Bg5 Nc5 10. Nd2 c6 11. Nb3 h6 12. Bxf6 Qxf6 13. Nxc5 dxc5 14. Qd2 Kh7 15.
Bg4 h5 16. Bxc8 Raxc8 17. Rd1 Bh6 18. Qc2 Qg5 19. O-O f5 20. dxc6 bxc6 21. Rd7+
Bg7 22. Rfd1 Kh8 23. Na4 fxe4 24. Qxe4 Rf4 25. Qe3 Qf5 26. Nxc5 Rxc4 27. f3 Rd4
28. R1xd4 exd4 29. Qe7 Qf6 30. Qe4 Rb8 31. b3 Rf8 32. Rc7 Qf4 33. Rxc6 Qxe4 34.
Nxe4 Rd8 35. Kf1 1-0

[Event "2014 Australian Championships"]
[Site "Melbourne"]
[Date "2014.01.02"]
[Round "1.16"]
[White "Tang, Jason"]
[Black "Smirnov, Anton"]
[Result "0-1"]
[WhiteElo "2067"]
[BlackElo "2338"]
[PlyCount "100"]
[EventDate "2014.01.??"]
[EventType "swiss"]
[EventRounds "11"]
[EventCountry "AUS"]
[SourceDate "2014.01.02"]

1. d4 Nf6 2. c4 g6 3. Nc3 d5 4. cxd5 Nxd5 5. e4 Nxc3 6. bxc3 Bg7 7. Be3 c5 8.
Qd2 Qa5 9. Rb1 a6 10. Rc1 Nc6 11. d5 Ne5 12. h3 O-O 13. c4 Qxd2+ 14. Kxd2 Nd7
15. Bd3 b5 16. Ne2 b4 17. f4 e5 18. f5 gxf5 19. exf5 e4 20. Bxe4 Re8 21. Bd3 a5
22. g4 a4 23. g5 Be5 24. Bf4 b3 25. Bxe5 Nxe5 26. Rhf1 b2 27. Rc3 Nxd3 28. Rxd3
Bxf5 29. Nc3 Bxd3 30. Kxd3 a3 31. Ne4 Rxe4 32. Kxe4 Rb8 33. Rb1 Kf8 34. d6 Ke8
35. Kd5 Kd7 36. Kxc5 Rb3 37. Kd4 Kxd6 38. h4 Rh3 39. c5+ Kc6 40. Kc4 Rxh4+ 41.
Kb3 Rh3+ 42. Kb4 Rg3 43. Rf1 Rxg5 44. Kxa3 Rg2 45. Kb4 f5 46. a4 h5 47. a5 Rc2
48. Rb1 Rxc5 49. a6 Rc2 50. Ka5 h4 0-1

[Event "2014 Australian Championships"]
[Site "Melbourne"]
[Date "2014.01.02"]
[Round "1.17"]
[White "Li, Luke"]
[Black "Vlitstra, Marc"]
[Result "1-0"]
[WhiteElo "2336"]
[BlackElo "2035"]
[PlyCount "75"]
[EventDate "2014.01.??"]
[EventType "swiss"]
[EventRounds "11"]
[EventCountry "AUS"]
[SourceDate "2014.01.02"]

1. d4 Nf6 2. c4 c5 3. d5 b5 4. cxb5 a6 5. bxa6 g6 6. Nc3 Bxa6 7. e4 Bxf1 8.
Kxf1 d6 9. g3 Bg7 10. Nf3 O-O 11. Kg2 Nbd7 12. a4 Ng4 13. Qe2 Qa5 14. Nd2 Ngf6
15. Nc4 Qa6 16. Nb5 Qb7 17. Bd2 Nb6 18. Nxb6 Qxb6 19. Bc3 Rfb8 20. Rhb1 Ne8 21.
Bxg7 Kxg7 22. b4 cxb4 23. Rxb4 Nc7 24. Qb2+ f6 25. a5 Qxb5 26. Rxb5 Rxb5 27.
Qc3 Rc5 28. Qb3 Rb5 29. Qc4 Rc5 30. Qa4 Rb5 31. a6 Rxa6 32. Qxb5 Nxb5 33. Rxa6
f5 34. e5 dxe5 35. Re6 Kf7 36. Rxe5 Nc7 37. f4 Ke8 38. d6 1-0

[Event "2014 Australian Championships"]
[Site "Melbourne"]
[Date "2014.01.02"]
[Round "1.18"]
[White "Loh, Zachary"]
[Black "Jordan, William"]
[Result "1-0"]
[WhiteElo "2032"]
[BlackElo "2270"]
[PlyCount "59"]
[EventDate "2014.01.??"]
[EventType "swiss"]
[EventRounds "11"]
[EventCountry "AUS"]
[SourceDate "2014.01.02"]

1. d4 Nf6 2. c4 g6 3. Nc3 d5 4. Nf3 Bg7 5. Qb3 dxc4 6. Qxc4 O-O 7. Bf4 Na6 8.
e4 c5 9. d5 e6 10. d6 Nb4 11. Rc1 b6 12. a3 Ba6 13. Nb5 Nc6 14. Qa4 Bb7 15. Be2
Nh5 16. Bg5 Qd7 17. O-O a6 18. Nc7 Ra7 19. Rfd1 Bxb2 20. Rb1 b5 21. Qc2 Bg7 22.
Qxc5 Nf6 23. Ne5 Nxe5 24. Qxa7 Bxe4 25. Rbc1 h6 26. Be3 Nd5 27. Nxd5 Qxa7 28.
Ne7+ Qxe7 29. dxe7 Re8 30. Rd8 1-0

[Event "2014 Australian Championships"]
[Site "Melbourne"]
[Date "2014.01.02"]
[Round "1.19"]
[White "McClymont, Brodie"]
[Black "Stojic, Svetozar"]
[Result "1/2-1/2"]
[WhiteElo "2261"]
[BlackElo "2029"]
[PlyCount "195"]
[EventDate "2014.01.??"]
[EventType "swiss"]
[EventRounds "11"]
[EventCountry "AUS"]
[SourceDate "2014.01.02"]

1. e4 c5 2. Nf3 Nf6 3. e5 Nd5 4. d4 cxd4 5. c3 Nc6 6. Bc4 Nb6 7. Bb3 d6 8. exd6
e6 9. cxd4 Bxd6 10. O-O O-O 11. Nc3 Ne7 12. Qe2 Ned5 13. Ne5 Qf6 14. Ne4 Qe7
15. Bc2 Bb8 16. Qh5 g6 17. Qe2 f6 18. Nd3 Nb4 19. Nxb4 Qxb4 20. Bh6 Rf7 21. Bb3
Qe7 22. Rac1 Bd6 23. Rc2 Bd7 24. Rfc1 Bc6 25. Nxd6 Qxd6 26. Qxe6 Qxe6 27. Bxe6
g5 28. d5 Bd7 29. h4 Bxe6 30. dxe6 Re7 31. hxg5 Rxe6 32. gxf6 Rxf6 33. Be3 Nd5
34. Bd4 Rf4 35. Rc8+ Rxc8 36. Rxc8+ Kf7 37. Bc3 Nxc3 38. Rxc3 Kg6 39. g3 Rd4
40. Rb3 b6 41. Kg2 Rd2 42. Rb5 Kf6 43. g4 Kg6 44. Kg3 Kf6 45. f3 h6 46. Kf4 Re2
47. a4 Rc2 48. b3 Rc3 49. Ke4 Kg6 50. b4 Rb3 51. f4 Rg3 52. g5 Ra3 53. a5 bxa5
54. bxa5 Ra4+ 55. Kf3 hxg5 56. Rxg5+ Kf6 57. Re5 Ra1 58. Rc5 Ke6 59. Rh5 Kf6
60. Rb5 Ke6 61. f5+ Kf6 62. Ke4 Ra4+ 63. Kd5 Kxf5 64. Kc6+ Ke6 65. Kb7 Kd6 66.
a6 Ra1 67. Rb2 Ra3 68. Rd2+ Kc5 69. Kxa7 Kc6 70. Rc2+ Kd7 71. Rb2 Kc7 72. Rc2+
Kd7 73. Kb6 Rb3+ 74. Ka5 Ra3+ 75. Kb5 Ra1 76. Rc5 Rb1+ 77. Ka5 Ra1+ 78. Kb6
Rb1+ 79. Ka7 Ra1 80. Rc2 Ra3 81. Rh2 Kc7 82. Rh7+ Kc8 83. Rb7 Ra1 84. Rf7 Ra2
85. Rg7 Ra1 86. Rg6 Kc7 87. Ka8 Rh1 88. Rg2 Kb6 89. Rg6+ Kc7 90. Rg8 Ra1 91.
Rg7+ Kc8 92. a7 Rb1 93. Rg8+ Kc7 94. Rb8 Ra1 95. Rb7+ Kc8 96. Rb4 Rc1 97. Rb2
Rc3 98. Rc2 1/2-1/2

[Event "2014 Australian Championships"]
[Site "Melbourne"]
[Date "2014.01.02"]
[Round "1.20"]
[White "Penrose, Justin"]
[Black "Brown, Andrew"]
[Result "1-0"]
[WhiteElo "1986"]
[BlackElo "2259"]
[PlyCount "129"]
[EventDate "2014.01.??"]
[EventType "swiss"]
[EventRounds "11"]
[EventCountry "AUS"]
[SourceDate "2014.01.02"]

1. e4 c5 2. c3 Nf6 3. e5 Nd5 4. d4 cxd4 5. Nf3 Nc6 6. cxd4 d6 7. Qb3 e6 8. Nc3
Nxc3 9. bxc3 Qa5 10. exd6 Bxd6 11. Bd3 O-O 12. O-O e5 13. Bd2 exd4 14. cxd4 Qh5
15. Qb5 Bg4 16. Qxh5 Bxh5 17. Be4 Rad8 18. Be3 f5 19. Bd5+ Kh8 20. Bxc6 bxc6
21. Ne5 f4 22. Bc1 Bxe5 23. dxe5 Be2 24. Re1 f3 25. gxf3 Bxf3 26. Bg5 Rd4 27.
h3 Rf5 28. Be7 Rh5 29. Rab1 h6 30. Kh2 Rg4 31. Rg1 Rxg1 32. Rxg1 Rxe5 33. Bf8
g5 34. Bxh6 Re2 35. Kg3 Bd5 36. a3 Ra2 37. Bf8 Kg8 38. Bc5 a5 39. Kg4 Rc2 40.
Bb6 a4 41. Kxg5 Kf7 42. Rg3 c5 43. f4 c4 44. Bc5 Be4 45. Bb4 Bd3 46. h4 Rb2 47.
Rg1 Rb3 48. Rc1 Ke6 49. f5+ Kf7 50. Re1 Rb2 51. Re7+ Kg8 52. Re8+ Kh7 53. Re7+
Kg8 54. Kh6 Rxb4 55. axb4 Bxf5 56. Rc7 a3 57. Ra7 c3 58. Rxa3 c2 59. Rc3 Bd3
60. Rc7 Kf8 61. Kg5 Ke8 62. Kf4 Kd8 63. Rc3 Ke7 64. Ke3 Bf5 65. Kd2 1-0

[Event "2014 Australian Championships"]
[Site "Melbourne"]
[Date "2014.01.02"]
[Round "1.21"]
[White "Zelesco, Karl"]
[Black "Louie, Ryan"]
[Result "1-0"]
[WhiteElo "2242"]
[BlackElo "1909"]
[PlyCount "65"]
[EventDate "2014.01.??"]
[EventType "swiss"]
[EventRounds "11"]
[EventCountry "AUS"]
[SourceDate "2014.01.02"]

1. e4 c5 2. Nf3 Nc6 3. d4 cxd4 4. Nxd4 Nf6 5. Nc3 e5 6. Ndb5 d6 7. Bg5 a6 8.
Na3 b5 9. Nd5 Be7 10. Bxf6 Bxf6 11. c3 O-O 12. Nc2 Bg5 13. a4 Rb8 14. axb5 axb5
15. Bd3 Be6 16. Qe2 f5 17. Bxb5 Na5 18. O-O Nb3 19. Ra3 Nd2 20. Rd1 fxe4 21.
Nce3 Nf3+ 22. gxf3 exf3 23. Qd3 Rxb5 24. Qxb5 Bxe3 25. Nxe3 Qg5+ 26. Kf1 Bh3+
27. Ke1 Qg1+ 28. Nf1 e4 29. Ra8 Rxa8 30. Qd5+ Kf8 31. Qxa8+ Ke7 32. Qxe4+ Kd7
33. Qb7+ 1-0

[Event "2014 Australian Championships"]
[Site "Melbourne"]
[Date "2014.01.03"]
[Round "2.1"]
[White "Wallis, Christopher"]
[Black "Papin, Vasily"]
[Result "0-1"]
[WhiteElo "2346"]
[BlackElo "2510"]
[PlyCount "84"]
[EventDate "2014.01.??"]
[EventType "swiss"]
[EventRounds "11"]
[EventCountry "AUS"]
[SourceDate "2014.01.02"]

1. d4 Nf6 2. c4 e6 3. Nc3 Bb4 4. Qc2 c5 5. dxc5 Bxc5 6. Nf3 Qc7 7. Bg5 a6 8. e3
Be7 9. Be2 d6 10. O-O O-O 11. Rfd1 b6 12. Rd2 Bb7 13. Bxf6 Bxf6 14. Ne4 Be7 15.
Rad1 Rd8 16. Neg5 g6 17. h4 Nd7 18. h5 Nf8 19. hxg6 hxg6 20. Rd4 Bf6 21. Rg4
Qe7 22. Bd3 Bg7 23. Rg3 d5 24. cxd5 Rxd5 25. e4 Rd7 26. e5 Rad8 27. Qe2 Rd5 28.
Bc2 Rxd1+ 29. Bxd1 Qc5 30. Bb3 Qc1+ 31. Kh2 Qf4 32. Kh3 Nh7 33. Nxh7 Qh6+ 34.
Nh4 Kxh7 35. Kh2 Rd4 36. Rg4 Rxg4 37. Qxg4 g5 38. Bc2+ Kg8 39. g3 gxh4 40. gxh4
Qd2 41. Be4 Qxf2+ 42. Kh1 Qe1+ 0-1

[Event "2014 Australian Championships"]
[Site "Melbourne"]
[Date "2014.01.03"]
[Round "2.2"]
[White "Illingworth, Max"]
[Black "Bjebork, Igor"]
[Result "1/2-1/2"]
[WhiteElo "2434"]
[BlackElo "2339"]
[PlyCount "137"]
[EventDate "2014.01.??"]
[EventType "swiss"]
[EventRounds "11"]
[EventCountry "AUS"]
[SourceDate "2014.01.02"]
[WhiteClock "0:44:32"]
[BlackClock "0:10:45"]

1. e4 c6 2. Nc3 d5 3. d4 dxe4 4. Nxe4 Bf5 5. Ng3 Bg6 6. Nh3 e6 7. Bc4 Bd6 8.
O-O Nd7 9. c3 Ne7 10. Nf4 Nd5 11. Nd3 O-O 12. f4 N5b6 13. Bb3 Bxd3 14. Qxd3 Nc5
15. Qf3 Nxb3 16. axb3 g6 17. Ne4 Be7 18. Be3 Nd5 19. Bf2 Nf6 20. Nd2 Qd5 21.
Bh4 Qxf3 22. Nxf3 Rfd8 23. Ra4 Kf8 24. Ne5 a6 25. Nd3 Ne4 26. Bxe7+ Kxe7 27.
Re1 Nd6 28. Kf2 h5 29. g3 Kd7 30. Kf3 Kc7 31. Ne5 Rg8 32. Kg2 g5 33. fxg5 Rxg5
34. Rf1 Rg7 35. Rf6 Rh8 36. Ra1 Kd8 37. Re1 Rhh7 38. Rf4 Rh6 39. Kf3 f5 40. Nd3
Ne4 41. b4 Kc7 42. Ra1 Rg4 43. Ne5 Rg7 44. Ra5 Nf6 45. Rh4 Ne4 46. Nd3 Rg4 47.
Nf4 Kd7 48. Ra1 Rg5 49. Nd3 Kd6 50. Ne5 Rg7 51. Ke3 Nf6 52. Rf1 Ng4+ 53. Nxg4
Rxg4 54. Rf4 Rg5 55. Kd3 Rh7 56. Kc4 Rh6 57. Rh3 Rh7 58. Kd3 Ke7 59. Rfh4 Kf6
60. Kc4 b6 61. Kd3 Kg6 62. Rf4 Ra7 63. Rf1 Rg4 64. Re1 Re7 65. c4 Kg5 66. Kc3
Re8 67. b3 Re7 68. Re5 Re8 69. Re3 1/2-1/2